Some interactions between economic growth and population changes in the Philippines /

Guardat en:
Dades bibliogràfiques
Autor principal: Lampman, Robert J.
Format: Llibre
Idioma:English
Publicat: Manila?, 1966.
Col·lecció:University of the Philippines - Institute of Economic Devel
Matèries:
LEADER 00904nam a22002411 4500
001 c000195775
003 CARM
005 20021125001700.0
008 851003s1966 ph 0 eng d
019 1 |a 3973020  |5 LACONCORD2021 
035 |a (OCoLC)216906150  |5 LACONCORD2021 
100 1 |a Lampman, Robert J. 
245 1 0 |a Some interactions between economic growth and population changes in the Philippines /  |c by R.J.Lampman. 
260 |a Manila?,  |c 1966. 
300 |a 23 ff. 
440 0 |a University of the Philippines - Institute of Economic Devel 
500 |a Processed. 
500 |a Cat. from cover. 
650 0 |a Population  |z Philippines. 
852 8 |b CARM  |h A2:AE38H0  |i F00801  |p 0295778  |f BK 
082 0 4 |a 338.09599 
999 f f |i 6b7ed141-a6b9-545d-b4c0-ef47848ffe3f  |s 0b24ed4a-e137-5b44-b75b-17d75829796c 
952 f f |p Can circulate  |a CAVAL  |b CAVAL  |c CAVAL  |d CARM 1 Store  |e F00801  |f A2:AE38H0  |h Other scheme  |i book  |m 0295778